[Event "Edinburgh op"]
[Site "Edinburgh"]
[Date "1989.??.??"]
[Round "?"]
[White "Hodgson, Julian M"]
[Black "Morrison, Graham"]
[Result "1-0"]
[WhiteElo "2545"]
[BlackElo "2340"]

1.d4 Nf6 2.Bg5 Ne4 3.Bf4 c5 4.d5 Qa5+ 5.Nd2 d6 6.c3 Nf6 7.e4 g6 8.Ngf3 Bg7
9.h3 O-O 10.Bd3 Na6 11.O-O b5 12.Qe2 Rb8 13.Bh2 c4 14.Bc2 Nc5 15.e5 dxe5
16.Bxe5 Ra8 17.b4 cxb3 18.axb3 Qb6 19.c4 b4 20.Bd4 Re8 21.Ne5 Nfd7 22.f4 Qc7
23.Qe3 a5 24.Ndf3 Bb7 25.f5 e6 26.Nxd7 Bxd4 27.Qxd4 Nxd7 28.dxe6 fxe6 29.fxg6 h6
30.Kh1 Re7 31.Qh4  1-0

[Event "Gausdal Int"]
[Site "Gausdal"]
[Date "1989.??.??"]
[Round "?"]
[White "Rausis, Igors"]
[Black "Inkiov, Ventzislav"]
[Result "1/2-1/2"]
[WhiteElo "2450"]
[BlackElo "2475"]

1.d4 Nf6 2.Bg5 Ne4 3.Bh4 c5 4.Nd2 Qa5 5.c3 Nxd2 6.Qxd2 cxd4 7.cxd4 Qxd2+
8.Kxd2 d5 9.e3 Nc6 10.Ne2 e6 11.Nc3 Bd7 12.Be2 Bd6 13.Rhc1 O-O 14.Nb5 Bb8
15.b4 Rc8 16.Nc3 Bd6 17.a3 Ne7 18.Bg3 Nf5 19.Bxd6 Nxd6 20.Bd3 Rc7 21.e4 dxe4
22.Nxe4 Nxe4+ 23.Bxe4 Rac8  1/2-1/2

[Event "Peer Gynt"]
[Site "Gausdal"]
[Date "1989.??.??"]
[Round "?"]
[White "Rausis, Igors"]
[Black "Fries Nielsen, Jens Ove"]
[Result "1-0"]
[WhiteElo "2450"]
[BlackElo "2425"]

1.d4 Nf6 2.Bg5 Ne4 3.Bh4 d5 4.Nd2 g6 5.e3 Bg7 6.Nxe4 dxe4 7.Ne2 O-O 8.Qd2 c5
9.O-O-O Qc7 10.Nc3 cxd4 11.Nb5 Qb6 12.Bxe7 Re8 13.Ba3 Nc6 14.exd4 Bg4 15.Bc5 Qd8
16.f3 exf3 17.Bc4 fxg2 18.Qxg2 Be6 19.Bxe6 fxe6 20.Nd6 Qa5 21.Nxe8 Rxe8 22.Kb1 Qc7
23.Qe4 b6 24.Ba3  1-0

[Event "Bundesliga 8889"]
[Site "Germany"]
[Date "1989.??.??"]
[Round "?"]
[White "Seul, Georg"]
[Black "Michaelsen, Nils"]
[Result "1-0"]
[WhiteElo "2315"]
[BlackElo "2380"]

1.d4 Nf6 2.Bg5 Ne4 3.Bh4 c5 4.dxc5 Qa5+ 5.c3 Qxc5 6.Nd2 Nxd2 7.Qxd2 g6 8.e4 Bg7
9.Nf3 O-O 10.Be2 b6 11.O-O Bb7 12.Bd3 Re8 13.Rfe1 d6 14.Bc2 Nd7 15.Bb3 h6
16.Rad1 Rad8 17.Qf4 Nf6 18.Bxf6 exf6 19.h4 Re7 20.Qg4 Bxe4 21.Bxf7+ Kxf7
22.Rxe4 Rde8 23.Rxe7+ Rxe7 24.h5 gxh5 25.Qf4 Bf8 26.Nd4 Qg5 27.Qf3 Qg4 28.Qd5+ Kg6
29.Rd3 h4 30.Rf3 Re5 31.Qg8+ Bg7 32.Kh2 Qe4 33.Qc8 Rg5 34.Ne6 Qe5+ 35.Kh1 Qe1+
36.Kh2 Qe5+ 37.Kh1 Qe1+ 38.Kh2 Qe5+ 39.Kh3 Rf5 40.Qg8 Rxf3+ 41.gxf3 f5 42.Qe8+ Kh7
43.Qf7 Qf6 44.Qd7 f4 45.Kh2 Qe5 46.Qf7 Qf6 47.Qd7 Qe5 48.Nxg7 Qxg7 49.Qxd6 Qf7
50.Qd3+ Kg7 51.Qd4+ Kf8 52.c4 h5 53.Qd8+ Kg7 54.Qg5+ Kf8 55.b3 Ke8 56.Qe5+ Kf8
57.Kh3 Qd7+ 58.Kxh4 Qd2 59.Qb8+ Kf7 60.Qxa7+ Kf8 61.Qxb6 Qxa2 62.Kxh5  1-0

[Event "GermanyNord-Baden/Wuert"]
[Site "Germany"]
[Date "1989.??.??"]
[Round "1"]
[White "Gerstner, Wolfgang"]
[Black "Giemsa, Stephan"]
[Result "1-0"]
[WhiteElo "2350"]
[BlackElo "2240"]

1.d4 Nf6 2.Bg5 Ne4 3.Bf4 Nc6 4.f3 e5 5.dxe5 g5 6.Be3 Nc5 7.Qd2 Ne6 8.Bf2 Bg7
9.Nc3 Bxe5 10.e4 d6 11.Bc4 Bd7 12.Nge2 Rb8 13.Be3 Rg8 14.Rb1 a6 15.Nd5 b5
16.Bb3 Ne7 17.c3 Ng6 18.g3 c6 19.Nb4 Ra8 20.Rf1 Nef4 21.gxf4 gxf4 22.Bf2 Nh4
23.Ng1 Rg2 24.Nd3 Rxh2 25.Nxe5 dxe5 26.Qd6 Ng2+ 27.Ke2 f6 28.Rfd1 Ne3 29.Be6 Nxd1
30.Rxd1 Ra7 31.Bxd7+ Rxd7 32.Qe6+ Qe7 33.Qg8+  1-0

[Event "GermanyNord-Baden/Wuert"]
[Site "Germany"]
[Date "1989.??.??"]
[Round "1"]
[White "Vatter, Hans Joachim"]
[Black "Blauert, Joerg"]
[Result "1-0"]
[WhiteElo "2345"]
[BlackElo "2295"]

1.d4 Nf6 2.Bg5 Ne4 3.Bf4 d5 4.f3 Nf6 5.Nc3 c5 6.e4 e6 7.Nb5 Na6 8.e5 Nd7
9.c3 Nab8 10.dxc5 Bxc5 11.b4 Be7 12.Bg3 O-O 13.f4 Nc6 14.Nf3 f5 15.h4 Nb6
16.h5 a6 17.Nbd4 Bd7 18.Bh4 Nxd4 19.Qxd4 Bxh4+ 20.Rxh4 Bb5 21.Rh3 Rc8 22.Ng5 Rc6
23.Bxb5 axb5 24.Qd3 d4 25.Rd1 Qd5 26.Qxd4 Qxg2 27.h6 gxh6 28.Rd2 Qd5 29.Qg1 Qc4
30.Nxe6+ Kf7 31.Qg7+ Kxe6 32.Rxh6+  1-0

[Event "Gran Canaria op"]
[Site "Gran Canaria"]
[Date "1989.??.??"]
[Round "?"]
[White "Hernandez, Roman"]
[Black "Sarmiento, Braulio Alfonso"]
[Result "1-0"]
[WhiteElo "2435"]
[BlackElo "2280"]

1.d4 Nf6 2.Bg5 Ne4 3.h4 c5 4.dxc5 Qa5+ 5.c3 Qxc5 6.Qd4 Qxd4 7.cxd4 Nc6 8.Nf3 d5
9.Nc3 Nxc3 10.bxc3 f6 11.Bf4 Bd7 12.g3 Rc8 13.Bg2 Na5 14.O-O h6 15.h5 Bg4
16.Nd2 Bxh5 17.Bxd5 g5 18.Be6 Rc6 19.d5 Rxe6 20.dxe6 gxf4 21.f3 Bg6 22.Nb3 Nxb3
23.axb3 a6 24.Ra5 Bc2 25.Rc5 Kd8 26.c4 a5 27.Rc1 Bxb3 28.Rc3  1-0

[Event "EU-chT"]
[Site "Haifa"]
[Date "1989.??.??"]
[Round "7"]
[White "Galego, Luis"]
[Black "Zueger, Beat"]
[Result "1-0"]
[WhiteElo "2345"]
[BlackElo "2435"]

1.d4 Nf6 2.Bg5 Ne4 3.h4 d5 4.Nd2 Nxd2 5.Qxd2 h6 6.Bf4 Bf5 7.Nf3 e6 8.e3 Bd6
9.Bd3 Bxd3 10.Qxd3 Nc6 11.c3 Qe7 12.b4 a6 13.a3 Rd8 14.b5 axb5 15.Qxb5 Rb8
16.Ne5 Bxe5 17.Bxe5 O-O 18.Bg3 f5 19.h5 Rf7 20.a4 Qd7 21.a5 b6 22.axb6 Rxb6
23.Qc5 Rf8 24.O-O Rfb8 25.c4 Kh7 26.cxd5 exd5 27.Rfc1 Qf7 28.Ra3 Qd7 29.Rac3 Ra8
30.Bxc7 Qxc7 31.Qxd5 Raa6 32.Qxf5+ Kg8 33.Qe6+ Qf7 34.Qc8+ Kh7 35.Rxc6 Rxc6
36.Rxc6 Ra1+ 37.Rc1  1-0

[Event "Helsinki"]
[Site "Helsinki"]
[Date "1989.??.??"]
[Round "6"]
[White "Nei, Iivo"]
[Black "Hazai, Laszlo"]
[Result "1/2-1/2"]
[WhiteElo "2440"]
[BlackElo "2460"]

1.d4 Nf6 2.Bg5 Ne4 3.Bf4 d5 4.f3 Nf6 5.c3 e6 6.Nd2 c5 7.e3 Nc6 8.Bd3 Nh5
9.Ne2 Nxf4 10.exf4 Qb6 11.dxc5 Bxc5 12.Nb3 Be3 13.Qc2 h6 14.Kf1 Bd7 15.g3 Rc8  1/2-1/2

[Event "Munich"]
[Site "Munich"]
[Date "1989.??.??"]
[Round "?"]
[White "Piket, Jeroen"]
[Black "Zueger, Beat"]
[Result "1-0"]
[WhiteElo "2500"]
[BlackElo "2445"]

1.d4 Nf6 2.Bg5 Ne4 3.Bf4 d5 4.Nd2 Nxd2 5.Qxd2 Bf5 6.e3 e6 7.Bd3 Bxd3 8.Qxd3 c6
9.Nf3 Be7 10.O-O Nd7 11.c4 O-O 12.h3 a5 13.e4 Nf6 14.Nd2 dxe4 15.Nxe4 c5
16.Be5 cxd4 17.Rad1 Nxe4 18.Qxe4 Qb6 19.Rxd4 Rfd8 20.Rfd1 Rxd4 21.Bxd4 Qc6
22.Qxc6 bxc6 23.Bc3 Bb4 24.Be5 f6 25.Bc7 Ra7 26.Bb6 Ra6 27.c5 a4 28.Rd4 Ba5
29.Rxa4  1-0

[Event "New York op"]
[Site "New York"]
[Date "1989.??.??"]
[Round "9"]
[White "Ochoa de Echaguen, F Javier"]
[Black "Dorfman, Josif D"]
[Result "0-1"]
[WhiteElo "2435"]
[BlackElo "2565"]

1.d4 Nf6 2.Bg5 Ne4 3.Bf4 c5 4.f3 Qa5+ 5.c3 Nf6 6.Nd2 cxd4 7.Nb3 Qb6 8.Qxd4 Nc6
9.Qxb6 axb6 10.e4 d5 11.Bd3 e5 12.Bg5 Be6 13.Nd2 Nd7 14.exd5 Bxd5 15.Bc4 Bxc4
16.Nxc4 b5 17.Ne3 f6 18.Bh4 Nc5 19.Nd5 Kf7 20.b4 Nd3+ 21.Kd2 Rd8 22.Kxd3 Ne7
23.a4 Nxd5 24.axb5 Nxb4+ 25.Kc4 Nc2 26.Ra7 Rd7 27.Kb3 Na3 28.Rxa3 Bxa3 29.Kxa3 Ra8+
30.Kb4 Ra1 31.Kc5 Ke6 32.g4 Rd6 33.Kc4 Rf1 34.h3 Rd2 35.Kc5 Rg2 36.Kb6 g5
37.Bg3 Rfxg1 38.Rxg1 Rxg1 39.Bf2 Rf1 40.Bc5 Rxf3 41.Bb4 Rxh3 42.Kxb7 h5 43.gxh5 Rxh5
44.b6 Kd5 45.Ka6 Kc6 46.b7 Rh8 47.Be7 Rb8  0-1

[Event "GMA Baleares Open"]
[Site "Palma de Mallorca"]
[Date "1989.??.??"]
[Round "5"]
[White "Klinger, Josef"]
[Black "Akopian, Vladimir"]
[Result "1-0"]
[WhiteElo "2475"]
[BlackElo "2525"]

1.d4 Nf6 2.Bg5 Ne4 3.Bf4 c5 4.d5 Qb6 5.Nd2 Qxb2 6.Nxe4 Qb4+ 7.Qd2 Qxe4 8.e3 e6
9.Ne2 Qxd5 10.Qxd5 exd5 11.Nc3 d6 12.Nxd5 Kd8 13.O-O-O Be6 14.Nc3 Nd7 15.Be2 f6
16.Bf3 Rb8 17.Ne4 Ne5 18.Nxd6 Bxd6 19.Bxe5 fxe5 20.Rxd6+ Ke7 21.Rhd1 Rhd8
22.Rxd8 Rxd8 23.Rxd8 Kxd8 24.Bxb7 Bxa2 25.Kb2 Be6 26.Ba6  1-0

[Event "GMA Baleares Open"]
[Site "Palma de Mallorca"]
[Date "1989.??.??"]
[Round "5"]
[White "Klaric, Zlatko"]
[Black "Cvitan, Ognjen"]
[Result "1/2-1/2"]
[WhiteElo "2445"]
[BlackElo "2515"]

1.d4 Nf6 2.Bg5 Ne4 3.Bf4 d5 4.c3 e6 5.Nd2 Bd6 6.Bxd6 Nxd6 7.e3 Nd7 8.Ngf3 Qe7
9.Qb3 c6 10.c4 dxc4 11.Nxc4 Nxc4 12.Bxc4 O-O 13.O-O e5 14.dxe5 Nxe5 15.Nxe5 Qxe5
16.Rfd1 g6 17.a4 Rb8 18.Rd4 Bf5 19.Rad1 b5 20.axb5 cxb5 21.Bd5 a5 22.e4 Be6
23.h4 Rfd8 24.Qe3 Bxd5 25.exd5 Qxe3 26.fxe3 Rbc8 27.e4 Kf8 28.Kf2 Ke7 29.e5 Rc2+
30.R1d2 Rdc8 31.Ke3 b4 32.d6+ Kd8 33.g4 b3 34.h5 R8c5 35.hxg6 hxg6 36.Rd5 a4
37.Rxc5 Rxc5 38.Kd4 Rc2 39.Kd3 Rc5 40.Kd4 Rc2 41.Kd3 Rc5 42.Re2 Kd7 43.Re4 a3
44.bxa3 b2 45.Rb4 Rxe5 46.Rxb2 Rg5  1/2-1/2

[Event "Reykjavik"]
[Site "Reykjavik"]
[Date "1989.??.??"]
[Round "?"]
[White "Hodgson, Julian M"]
[Black "Jonsson, Bjorgvin"]
[Result "1/2-1/2"]
[WhiteElo "2545"]
[BlackElo "2335"]

1.d4 Nf6 2.Bg5 Ne4 3.Bf4 c5 4.d5 Qb6 5.Nd2 Nxd2 6.Bxd2 Qxb2 7.e4 g6 8.Rb1 Qe5
9.Bd3 Bg7 10.c4 Qc7 11.h4 d6 12.h5 Nd7 13.f4 O-O 14.Nf3 Nf6 15.hxg6 fxg6
16.Ng5 e5 17.dxe6 h6 18.Nf7 Bxe6 19.Nxh6+ Bxh6 20.Rxh6 Qg7 21.Rh4 Rae8 22.Bc3 g5
23.Rxb7 Qxb7 24.fxg5 Bg4 25.gxf6 Bxd1 26.f7+ Kxf7 27.Rh7+ Ke6 28.Rxb7 Bg4
29.Rxa7 Ra8 30.Rg7 Rg8 31.Rxg8 Rxg8 32.a4 Bh5 33.Kf2 Bd1 34.a5 Rb8 35.Ke3 Rb3
36.Kd2 Ra3 37.g3 Bb3 38.g4 Ra4 39.g5 Kf7 40.e5 dxe5 41.Bxe5 Bxc4 42.g6+ Kg8
43.Bxc4+ Rxc4 44.Kd3 Rg4 45.a6 Ra4 46.a7 Rxa7 47.Kc4  1/2-1/2

[Event "Royan op"]
[Site "Royan"]
[Date "1989.??.??"]
[Round "1"]
[White "Klaric, Zlatko"]
[Black "Chabanon, Jean Luc"]
[Result "1-0"]
[WhiteElo "2445"]
[BlackElo "2250"]

1.d4 Nf6 2.Bg5 Ne4 3.Bf4 c5 4.f3 Qa5+ 5.c3 Nf6 6.d5 Qb6 7.Bc1 e6 8.e4 d6
9.Ne2 exd5 10.exd5 Be7 11.Ng3 O-O 12.Be2 Nbd7 13.c4 Re8 14.O-O Bf8 15.Nc3 Qc7
16.b3 g6 17.Bb2 Bg7 18.Qd2 Qa5 19.Rae1 h5 20.Qc1 h4 21.Nge4 Nxe4 22.Nxe4 Rxe4
23.fxe4 Qxa2 24.Bxg7 Kxg7 25.Qf4  1-0

[Event "Royan op"]
[Site "Royan"]
[Date "1989.??.??"]
[Round "2"]
[White "Anguix Garrido, Juan Francisco"]
[Black "Zarrouati, Pierre"]
[Result "0-1"]
[WhiteElo "2320"]
[BlackElo "2200"]

1.d4 Nf6 2.Bg5 Ne4 3.Bh4 g5 4.f3 c5 5.fxe4 gxh4 6.e3 Qb6 7.Nc3 e6 8.Nf3 a6
9.Ne5 cxd4 10.exd4 Qxb2 11.Na4 Qa3 12.c3 b5 13.Nb6 Qxc3+ 14.Kf2 Bc5 15.dxc5 Qxc5+
16.Ke1 Qxb6 17.Qh5 Rf8 18.Bd3 Qe3+ 19.Kd1 Nc6  0-1

[Event "Spijkenisse"]
[Site "Spijkenisse"]
[Date "1989.??.??"]
[Round "4"]
[White "Piket, Jeroen"]
[Black "Cramling, Pia"]
[Result "1/2-1/2"]
[WhiteElo "2500"]
[BlackElo "2480"]

1.d4 Nf6 2.Bg5 Ne4 3.Bf4 c5 4.d5 Qb6 5.Nd2 Nxd2 6.Bxd2 e5 7.Bc3 d6 8.e4 Be7
9.Be2 O-O 10.Nf3 Nd7 11.Nd2 Qd8 12.a4 Rb8 13.O-O Nf6 14.a5 Bd7 15.Ra3 a6
16.f4 exf4 17.Rxf4 Bb5 18.Qf1 Nh5 19.Rf2 Bg5 20.Kh1 Bh6 21.Nf3 Bxe2 22.Rxe2 Nf4
23.Re1 Ng6 24.Rb3 Re8 25.Rb6 Qd7 26.e5 dxe5 27.Nxe5 Nxe5 28.Bxe5 Bd2 29.Re2 Bxa5
30.Rb3 Rbc8 31.Rg3 Rxe5 32.Rxe5 Bc7 33.Qf6 Bxe5 34.Rxg7+ Kf8 35.Qxe5 Re8
36.Qg3 Re1+ 37.Qxe1 Kxg7 38.Qc3+ Kg6 39.Qxc5 Qf5 40.h3 Qf1+ 41.Qg1 Qe2 42.Qc1 b5
43.d6 Kf6 44.Qh6+ Ke5 45.d7 Qd1+ 46.Kh2 Qxd7 47.Qxa6 Ke4 48.Qb6 Qd5 49.Qf6 Ke3
50.Kg3 Kd2 51.Qc3+ Kc1 52.b4 Qd6+ 53.Kf3 Qd5+ 54.Kg3 Qd6+ 55.Kf3 Qd5+ 56.Ke3 Qg5+
57.Kf3 Qd5+  1/2-1/2

[Event "Warsaw op"]
[Site "Warsaw"]
[Date "1989.??.??"]
[Round "?"]
[White "Sek, Zbigniew"]
[Black "Pedzich, Dominik"]
[Result "0-1"]
[WhiteElo "2310"]
[BlackElo "2360"]

1.d4 Nf6 2.Bg5 Ne4 3.Bf4 d5 4.c3 e6 5.Nd2 Bd6 6.Bxd6 cxd6 7.e3 O-O 8.Bd3 f5
9.g3 Nc6 10.Ne2 Bd7 11.f3 Nf6 12.Qc2 Rc8 13.a3 Na5 14.b3 Qe8 15.O-O e5 16.Bxf5 Bxf5
17.Qxf5 exd4 18.e4 dxc3 19.Nc4 Nxc4 20.bxc4 Rxc4 21.Rad1 c2 22.Rd4 Rc5 23.Qf4 Nxe4
24.Qc1 Nc3 25.Nxc3 Rxc3 26.Rxd5 Rcxf3 27.Rxf3 Rxf3 28.Rxd6 Qe3+  0-1

[Event "Zug"]
[Site "Zug"]
[Date "1989.??.??"]
[Round "?"]
[White "Summermatter, Daniel"]
[Black "Lane, Gary W"]
[Result "1-0"]
[WhiteElo "2385"]
[BlackElo "2385"]

1.d4 Nf6 2.Bg5 Ne4 3.Bf4 c5 4.d5 Qb6 5.Bc1 e6 6.f3 Nf6 7.c4 d6 8.e4 g6 9.Nc3 a6
10.a4 exd5 11.cxd5 Bg7 12.a5 Qc7 13.Be3 O-O 14.Qd2 Re8 15.Be2 Nh5 16.g4 Nf6
17.h4 h5 18.g5 Nh7 19.Kf1 Nd7 20.Nh3 Rb8 21.Kg2 Ne5 22.Nf2 f5 23.gxf6 Bxf6
24.f4 Nf7 25.Rag1 Kh8 26.Kf1 Rg8 27.e5 dxe5 28.Nce4 exf4 29.Bxf4 Be5 30.d6 Qd7
31.Bxe5+ Nxe5 32.Qc3 Qf5 33.d7 Rf8 34.dxc8=Q Rbxc8 35.Ke1 Kg8 36.Rg3 c4 37.Rhg1 Rc6
38.Rg5 Nxg5 39.Rxg5 Nf3+ 40.Bxf3 Qxf3 41.Qd4 Qf4 42.Rd5 Re6 43.Kd1 Qxh4 44.Rd7 Re7
45.Rd6 Kh7 46.Nf6+ Rxf6 47.Qxh4 Rxd6+ 48.Kc2 Rde6 49.Nh3 Re5 50.Qf6 Re2+
51.Kb1 Re8 52.Nf4 Re1+ 53.Kc2 Rg8 54.Ne6 Rg1 55.Qf7+ Kh8 56.Qf6+ Kh7 57.Qf7+  1-0

[Event "URS-ch qual"]
[Site "Ashkhabad"]
[Date "1990.??.??"]
[Round "?"]
[White "Sokolov, Sergey M"]
[Black "Odeev, Handszar"]
[Result "1-0"]
[WhiteElo "2370"]
[BlackElo "2305"]

1.d4 Nf6 2.Bg5 Ne4 3.Bh4 d5 4.f3 Nd6 5.Nc3 g6 6.e4 dxe4 7.fxe4 Bg7 8.Nf3 c5
9.dxc5 Bxc3+ 10.bxc3 Nxe4 11.Qd4 Nf6 12.O-O-O Qxd4 13.cxd4 Nfd7 14.Bc4 e6
15.Rhf1 h6 16.Rde1 O-O 17.Be7 Re8 18.Bd6 Nf6 19.Ne5 Nbd7 20.Bb5 Nxe5 21.Bxe8 Nxe8
22.Bxe5 b6 23.Re3 Bb7 24.g3 bxc5 25.dxc5 Bd5 26.Ra3 Kf8 27.Rf4 Bc6 28.Rb4 f6
29.Ra6 Bd5 30.Bd6+ Kf7 31.Rba4  1-0

[Event "Baden-Baden op"]
[Site "Baden-Baden"]
[Date "1990.??.??"]
[Round "1"]
[White "Gerstner, Wolfgang"]
[Black "Lau, Ralf"]
[Result "1/2-1/2"]
[WhiteElo "2340"]
[BlackElo "2475"]

1.d4 Nf6 2.Bg5 Ne4 3.Bf4 d5 4.Nd2 Nxd2 5.Qxd2 c6 6.e3 Bf5 7.Ne2 Qb6 8.c3 Nd7
9.f3 e6 10.e4 dxe4 11.Ng3 exf3 12.Nxf5 exf5 13.Qe3+ Be7 14.O-O-O Nf6 15.Re1 O-O
16.Qxf3 Rfe8 17.Bd3 g6 18.h3 Nd5 19.g4 Qa5 20.gxf5 Qxa2 21.fxg6 hxg6 22.Bd2 Bf6
23.Reg1 Re7 24.h4 Rae8 25.h5 Re3 26.Qf1 Qa1+ 27.Kc2 Qxf1 28.Rxf1 g5 29.Rf5 Bd8
30.c4 Nf4 31.Bxe3 Rxe3 32.Re5 Rxe5 33.dxe5 Bb6 34.h6 Bd4 35.Bf5 a5 36.Re1 Ng2
37.Rb1 Ne3+ 38.Kd3 Nxf5 39.Ke4 g4 40.Kxf5 g3 41.Ke4 c5 42.Kf3 Bxe5 43.b3 Kh7
44.Rd1 Bd4 45.Kxg3 Kxh6 46.Kf4 Kg6 47.Re1 Kf6 48.Re8 Bc3 49.Ke4 Bb4 50.Kd5 Kg5
51.Rg8+ Kf5 52.Rb8 Kg4 53.Rxb7 f5 54.Rf7 Ba3 55.Ke6 f4 56.Ke5 Bc1 57.Ke4 Kg3
58.Ra7 Bd2 59.Kd3 Bb4 60.Ke4 Bd2 61.Rd7 Be3 62.Rf7 Kf2 63.Kd3 Ke1 64.Rh7 Bd4
65.Rh1+ Kf2 66.Ke4 Kg3 67.Rf1 Be3 68.Kd3 Bd4 69.Ke2 Kg4 70.Rf3 Be3 71.Rf1  1/2-1/2

[Event "Baden-Baden op"]
[Site "Baden-Baden"]
[Date "1990.??.??"]
[Round "2"]
[White "Stumpf, Heinz"]
[Black "Werner, Dimo"]
[Result "0-1"]
[WhiteElo "2340"]
[BlackElo "2340"]

1.d4 Nf6 2.Bg5 Ne4 3.Bf4 c5 4.f3 Nf6 5.dxc5 Nc6 6.e4 Qa5+ 7.Qd2 Qxc5 8.Be3 Qb4
9.Nc3 d6 10.a3 Qa5 11.Bc4 Bd7 12.Nge2 Rc8 13.Bb3 Ne5 14.Nd5 Qxd2+ 15.Bxd2 e6
16.Nxf6+ gxf6 17.Bc3 h5 18.Kf2 Be7 19.Rad1 h4 20.Rd2 h3 21.g3 Bd8 22.Rhd1 Bb6+
23.Bd4 Bc5 24.g4 Rc7 25.Kg3 Ke7 26.Bc3 Bb5 27.Nd4 Bd7 28.f4 Ng6 29.Re2 Nxf4
30.Kxf4 e5+ 31.Kf3 exd4 32.Bd2 Rg8 33.g5 fxg5 34.e5 g4+ 35.Kg3 Be6 36.Bf4 Rd7
37.exd6+ Rxd6 38.Bxe6 Rxe6 39.Rxe6+ Kxe6  0-1

[Event "Baden-Baden op"]
[Site "Baden-Baden"]
[Date "1990.??.??"]
[Round "9"]
[White "Gerstner, Wolfgang"]
[Black "Siemers, Joerg"]
[Result "1-0"]
[WhiteElo "2340"]
[BlackElo "2235"]

1.d4 Nf6 2.Bg5 Ne4 3.Bf4 c5 4.f3 Nf6 5.dxc5 Qa5+ 6.Qd2 Qxc5 7.e4 Nc6 8.Nc3 a6
9.O-O-O b5 10.Nd5 Nxd5 11.exd5 Na7 12.Ne2 b4 13.Ng3 d6 14.Kb1 Rb8 15.Ne4 Qc7
16.Qe3 Kd8 17.Ng5 Ke8 18.Ne4 Kd8 19.Ng5 Ke8 20.Bxd6 Qxd6 21.Qxa7 Qb6 22.Qxb6 Rxb6
23.Bc4 Rg6 24.h4 h6 25.Ne4 Rxg2 26.Rhe1 Kd8 27.a3 bxa3 28.d6 exd6 29.Nxd6 Bxd6
30.Rxd6+ Kc7 31.Rd3 axb2 32.Re7+ Kc6 33.Bxf7 Bf5 34.Be8+ Kb6 35.Rc3 Rxc2
36.Rxc2 g5 37.h5 Rf8 38.Re3 Bxc2+ 39.Kxc2 Kc5 40.Kxb2 Kd4 41.Re6 Kd5 42.Re3 Kd4
43.Re7 Rxf3 44.Bd7 Rf2+ 45.Kb3 Rh2 46.Be8 Rh3+ 47.Kb4 Re3 48.Rd7+ Ke5 49.Rh7 Kf4
50.Bd7 Rd3 51.Kc4 Rd6 52.Kc5 Rd2 53.Kc6 a5 54.Rxh6 a4 55.Rf6+ Kg3 56.Rd6 Rh2
57.Be8 Rh4 58.Kd5 Rh1 59.Ra6 Rd1+ 60.Ke6 Re1+ 61.Kf7 Kg4 62.h6  1-0

[Event "Bahrain"]
[Site "Bahrain"]
[Date "1990.??.??"]
[Round "7"]
[White "Plaskett, Jim"]
[Black "Smejkal, Jan"]
[Result "0-1"]
[WhiteElo "2470"]
[BlackElo "2530"]

1.d4 Nf6 2.Bg5 Ne4 3.h4 d5 4.e3 c5 5.c3 Nc6 6.Nd2 Nxd2 7.Qxd2 Bf5 8.Nf3 h6
9.Bf4 e6 10.Bd3 Bxd3 11.Qxd3 Bd6 12.dxc5 Bxc5 13.Rh3 Bd6 14.Rg3 e5 15.Bxe5 Bxe5
16.Nxe5 Nxe5 17.Qb5+ Qd7 18.Qxd7+ Kxd7 19.O-O-O Ke6 20.Rxg7 Ng6  0-1

[Event "Biel-B"]
[Site "Biel"]
[Date "1990.??.??"]
[Round "2"]
[White "Landenbergue, Claude"]
[Black "Groszpeter, Attila"]
[Result "1/2-1/2"]
[WhiteElo "2380"]
[BlackElo "2555"]

1.d4 Nf6 2.Bg5 Ne4 3.Bf4 c5 4.f3 Qa5+ 5.c3 Nf6 6.d5 g6 7.Nh3 Bg7 8.e4 O-O
9.Qd2 d6 10.Nf2 Nbd7 11.Be2 Ne5 12.O-O b5  1/2-1/2

[Event "Biel op"]
[Site "Biel"]
[Date "1990.??.??"]
[Round "5"]
[White "Klinger, Josef"]
[Black "Apicella, Manuel"]
[Result "1/2-1/2"]
[WhiteElo "2520"]
[BlackElo "2410"]

1.d4 Nf6 2.Bg5 Ne4 3.Bf4 d5 4.e3 c5 5.f3 Nf6 6.Nc3 cxd4 7.exd4 e6 8.Bd3 Be7
9.Nge2 Nc6 10.a3 a6 11.Qd2 h5 12.O-O Bd7 13.Nd1 O-O 14.Kh1 Kh8 15.Nf2 Ne8
16.Be3 Bd6 17.f4 f5 18.Ng1 Nf6 19.Nf3 Ne4 20.Qe2 Qc7 21.Ne5 Bxe5 22.dxe5 d4
23.Bd2 Nd6 24.exd6  1/2-1/2

[Event "Biel op"]
[Site "Biel"]
[Date "1990.??.??"]
[Round "7"]
[White "Bellon Lopez, Juan Manuel"]
[Black "Schmidt, Wlodzimierz"]
[Result "1/2-1/2"]
[WhiteElo "2475"]
[BlackElo "2455"]

1.d4 Nf6 2.Bg5 Ne4 3.Bh4 c5 4.f3 g5 5.fxe4 gxh4 6.e3 Bh6 7.Bc4 e6 8.Qh5 Qg5
9.Qxg5 Bxg5 10.Nc3 Bxe3 11.Nb5 Kd8 12.Nf3 a6 13.Nd6 Ke7 14.e5 cxd4 15.c3 Nc6
16.Rf1 Rf8 17.cxd4 Bxd4 18.Nxd4 Nxd4 19.O-O-O Nc6 20.Rfe1 f6 21.exf6+ Rxf6
22.Re4 e5 23.Rxh4 Nd4 24.Nf7 Rxf7 25.Bxf7 Kxf7 26.Rf1+ Ke6 27.Rf8 b5 28.Rh6+ Ke7
29.Rh8 Bb7 30.R8xh7+ Kd8 31.Rh8+ Ke7 32.R8h7+ Kd8 33.Rh8+ Ke7 34.R8h7+ Kd8
35.Rh8+  1/2-1/2

[Event "Biel op"]
[Site "Biel"]
[Date "1990.??.??"]
[Round "7"]
[White "Sahovic, Dragutin"]
[Black "Degerman, Lars"]
[Result "1-0"]
[WhiteElo "2370"]
[BlackElo "2405"]

1.d4 Nf6 2.Bg5 Ne4 3.Bf4 c5 4.f3 Nf6 5.d5 Qb6 6.Nc3 Qxb2 7.Bd2 Qb6 8.e4 d6
9.f4 e5 10.f5 Be7 11.g4 h6 12.h4 Qd8 13.Qf3 Nh7 14.Qg3 Rg8 15.Nf3 f6 16.Rb1 a6
17.a4 Nd7 18.Nd1 b6 19.Ne3 Rb8 20.Be2 Ndf8 21.Kf2 Qd7 22.Nc4 Qxa4 23.Rxb6 Rxb6
24.Nxb6 Qxc2 25.Nxc8 Qxe4 26.Bxa6 Qxd5 27.Bb5+ Kd8 28.Nb6 Qb3 29.Bc4 Qxb6
30.Bxg8 c4+ 31.Kg2 Qc6 32.Rc1 d5 33.Qe1 Bc5 34.Ba5+ Ke7 35.Qd2 e4 36.Bxd5 exf3+
37.Bxf3 Qd6 38.Qe2+  1-0

[Event "Bordeaux"]
[Site "Bordeaux"]
[Date "1990.??.??"]
[Round "9"]
[White "Stromer, Alexander"]
[Black "Garrido, D."]
[Result "0-1"]
[WhiteElo "2300"]
[BlackElo "2250"]

1.d4 Nf6 2.Bg5 Ne4 3.Bf4 c5 4.d5 Qa5+ 5.c3 d6 6.g4 g6 7.h3 Bg7 8.Bg2 Nf6
9.e4 Nbd7 10.Ne2 O-O 11.O-O c4 12.Na3 Qa6 13.Be3 Ne5 14.Nc1 e6 15.f4 Ned7
16.dxe6 fxe6 17.Nc2 Ne8 18.Ne2 Qa5 19.Ned4 Nc5 20.Na3 Qa6 21.Ndc2 Nd3 22.Rb1 Bd7
23.Ne1 Nxb2 24.Rxb2 Qxa3 25.Rxb7 Qxc3 26.Qe2 Bc6 27.Rxa7 Bd4 28.Rf3 Rxa7  0-1

[Event "Bordeaux"]
[Site "Bordeaux"]
[Date "1990.??.??"]
[Round "11"]
[White "Rausis, Igors"]
[Black "Etchegaray, Patrice"]
[Result "1/2-1/2"]
[WhiteElo "2470"]
[BlackElo "2280"]

1.d4 Nf6 2.Bg5 Ne4 3.Bh4 g5 4.f3 gxh4 5.fxe4 e6 6.e3 Qg5 7.Qf3 Bh6 8.Kf2 Rg8
9.Nh3 Qg4 10.Nc3 d6 11.Be2 Qxf3+ 12.Bxf3 e5 13.Nd5 Kd8 14.dxe5 dxe5 15.Rad1 Bd7
16.Nf6 Rg6 17.Nxd7 Nxd7 18.Bh5 Rf6+ 19.Ke2 Ke7 20.Rhf1 Rxf1 21.Rxf1 Nf6 22.Bf3 Rg8
23.Nf2 Bf8 24.Rd1 Ke6 25.Rd8 Be7 26.Rxg8 Nxg8 27.Bg4+ Kd6 28.Bf5 Nf6 29.Kf3 a5
30.a4 c6 31.b3 b5 32.Ke2 h6 33.Kd3 Ne8 34.Nd1 Nc7 35.Bc8 Bg5 36.c3 Na8 37.Nb2 Nb6
38.Bg4 bxa4 39.bxa4 Kc5 40.Bh5 f6 41.Bf7 Nc8 42.Be6 Nb6 43.Bb3 Kd6 44.Ke2 Kc5
45.Nd3+ Kd6 46.Ne1 Kc5 47.Kd3 Kd6 48.Nf3 h5 49.Ng1 Kc5 50.Nh3 Bh6 51.Nf2 Bg5
52.h3 Nc8 53.Nd1 Nd6 54.Be6 Bh6 55.Nb2 Bg5 56.Bf5 Bh6 57.Bg6 Bg5 58.Bxh5 f5
59.Bf3 f4 60.exf4 Bxf4 61.Bg4 Bc1 62.Nd1 Nc4 63.Nf2 Nb2+ 64.Kc2 Be3 65.Nd3+ Nxd3
66.Kxd3 Bf4 67.Be6 Bg3 68.Bb3 Be1 69.Bf7 Bg3 70.Ke2 Kd6 71.Kf3 Ke7 72.Bc4 Kd6
73.Bf1 Ke7 74.Kg4 Be1 75.Kg5 Bg3 76.Ba6 Kd6 77.Kf6 Be1 78.Kg5 Bg3 79.Bf1  1/2-1/2

[Event "CSR-ch U16"]
[Site "Brno"]
[Date "1990.??.??"]
[Round "?"]
[White "Cech, Pavel"]
[Black "Horak, Michal"]
[Result "1/2-1/2"]
[WhiteElo "2230"]
[BlackElo "2250"]

1.d4 Nf6 2.Bg5 Ne4 3.h4 d6 4.Nd2 Nxg5 5.hxg5 e5 6.dxe5 dxe5 7.Ngf3 Nc6 8.e4 Bd6
9.Bb5 Bd7 10.Qe2 Qe7 11.O-O-O a6 12.Bxc6 Bxc6 13.Rh4 O-O-O 14.Rdh1 Bb4 15.Qe3 Bc5
16.Qe2 Bb4  1/2-1/2

[Event "Brocco op"]
[Site "Brocco"]
[Date "1990.??.??"]
[Round "5"]
[White "Gerer, Josef"]
[Black "Vogt, Lothar"]
[Result "1/2-1/2"]
[WhiteElo "2265"]
[BlackElo "2505"]

1.d4 Nf6 2.Bg5 Ne4 3.Bf4 d5 4.f3 Nf6 5.c3 e6 6.Nd2 c5 7.e3 Nc6 8.Bg5 e5 9.dxe5 Nxe5
10.e4 Be7 11.Bxf6 Bxf6 12.exd5 Qxd5 13.Ne4 Bh4+ 14.g3 Qxd1+ 15.Rxd1 Be7 16.Bb5+ Bd7
17.Bxd7+ Nxd7 18.Kf2 O-O-O 19.Ne2 Nb6 20.g4 Na4 21.b3 Nb2 22.Rxd8+ Rxd8 23.c4 Nd1+
24.Kg3 g5 25.Re1 Rd3 26.Nc1 Rd7 27.Ne2 Kd8 28.N2c3 Nxc3 29.Nxc3 Rd3 30.Rd1 Bd6+
31.Kg2 Rxd1 32.Nxd1 Ke7 33.h3 Ke6 34.Kf2 Bf4 35.Nc3 Ke5 36.Ke2 a6 37.Kd3 f6
38.a4 Bh2 39.Nd5 Bg1  1/2-1/2

[Event "Brocco op"]
[Site "Brocco"]
[Date "1990.??.??"]
[Round "9"]
[White "Landenbergue, Claude"]
[Black "Barbero, Gerardo F"]
[Result "1/2-1/2"]
[WhiteElo "2380"]
[BlackElo "2475"]

1.d4 Nf6 2.Bg5 Ne4 3.Bf4 c5 4.f3 Nf6 5.dxc5 Qa5+ 6.Nc3 Qxc5 7.e4 d6 8.Qd2 a6
9.O-O-O Nbd7 10.Nge2 b5 11.Nd4 Bb7 12.g4 h6 13.h4 b4 14.Nce2 e5 15.Be3 exd4
16.Nxd4 Qc7 17.Bh3 Ne5 18.Qxb4 Nfd7 19.g5 Nc5 20.Kb1 g6 21.h5 hxg5 22.hxg6 g4
23.gxf7+ Qxf7 24.Bxg4 Rxh1 25.Rxh1 Nxg4 26.fxg4 Bxe4 27.Re1 Qb7 28.Qd2 d5
29.Bf4 Na4 30.Nb3 Bb4 31.Rxe4+ dxe4 32.Qd4 Rd8 33.Qh8+ Bf8 34.Qe5+ Qe7 35.Qh5+ Qf7
36.Qe5+ Be7 37.Qh8+ Qf8 38.Qh5+ Qf7 39.Qh8+ Kd7 40.Qd4+ Kc8 41.Qxe4 Rd1+
42.Nc1 Qf6 43.Qxa4 Rd4 44.Qe8+ Rd8 45.Qa4 Rd4 46.Qe8+ Rd8  1/2-1/2